000
00270nam a2200121Ia 4500
008
190216s9999||||xx |||||||||||||| ||und||
100
_a
Gunnar Myrdal
245
0
_a
Asian Drama
260
_b
Kalyani Publisher
_c
1985
300
_a
2280
650
_a
Economics
942
_c
BK
999
_c
9719
_d
9719